Welcome to Marium Abdulla Library

Embrace knowledge with a breath of fresh air.

Browse Collection

Marium Abdulla Library

Artist Collection (Record no. 14128)

MARC details
000 -LEADER
fixed length control field 00886nam a22002177a 4500
003 - CONTROL NUMBER IDENTIFIER
control field OSt
005 - DATE AND TIME OF LATEST TRANSACTION
control field 20260302150938.0
008 - FIXED-LENGTH DATA ELEMENTS--GENERAL INFORMATION
fixed length control field 211108b |||||||| |||| 00| 0 eng d
040 ## - CATALOGING SOURCE
Transcribing agency MAL
082 ## - DEWEY DECIMAL CLASSIFICATION NUMBER
Classification number 700 MAG
Item number 20486
100 ## - MAIN ENTRY--PERSONAL NAME
Personal name Magritte
245 ## - TITLE STATEMENT
Title Artist Collection
260 ## - PUBLICATION, DISTRIBUTION, ETC.
Place of publication, distribution, etc. London
Name of publisher, distributor, etc. Guildhall Art Gallery
Date of publication, distribution, etc. 1957
300 ## - PHYSICAL DESCRIPTION
Extent 41 pages:
Other physical details illustrations
Dimensions 30 cm.
500 ## - GENERAL NOTE
General note Includes bibliographical references and index.
520 ## - SUMMARY, ETC.
Summary, etc. A comprehensive survey of the work of Belgian surrealist artist René Magritte, featuring reproductions of over one hundred paintings along with essays by art historians that place his practice in historical and cultural context, exploring his influence on modern art and surrealist movements.
650 ## - SUBJECT ADDED ENTRY--TOPICAL TERM
Topical term or geographic name entry element Magritte, René, 898-1967 Catalogs.
650 ## - SUBJECT ADDED ENTRY--TOPICAL TERM
Topical term or geographic name entry element Surrealism Catalogs.
650 ## - SUBJECT ADDED ENTRY--TOPICAL TERM
Topical term or geographic name entry element Art
General subdivision History.
942 ## - ADDED ENTRY ELEMENTS (KOHA)
Source of classification or shelving scheme Dewey Decimal Classification
Koha item type Book
Suppress in OPAC No
Holdings
Date last seen Total checkouts Full call number Barcode Price effective from Koha item type Lost status Source of classification or shelving scheme Damaged status Not for loan Collection Withdrawn status Home library Current library Shelving location Date acquired Source of acquisition Cost, normal purchase price
11/08/2021   700 MAG 20486 11/08/2021 Book   Dewey Decimal Classification     Architecture   Marium Abdulla Library Marium Abdulla Library Non-Ref 10/20/2021 Sami Chohan 2000.00